Normal view
MARC view
- Supervisor: Dr. Qaiser Riaz
Entry Personal Name
001 - CONTROL NUMBER
- control field: 96872
003 - CONTROL NUMBER IDENTIFIER
- control field: NUST
005 - DATE AND TIME OF LATEST TRANSACTION
- control field: 20220811131231.0
008 - FIXED-LENGTH DATA ELEMENTS
- fixed length control field: 220811|| aca||aabn | a|a d
040 ## - CATALOGING SOURCE
- Original cataloging agency: NUST
- Transcribing agency: NUST
100 ## - HEADING--PERSONAL NAME
- Personal name: Supervisor: Dr. Qaiser Riaz
670 ## - SOURCE DATA FOUND
- Source citation: Work cat.: (NUST): Munir, Omair 96871, Predicting Soft Biometrics Of A Human By Using Gait Signatures /
